Welcome to CU Library Online Public Access Catalogue (OPAC)

Production and operations management: (Record no. 861)

MARC details
000 -LEADER
fixed length control field 00472nam a22001697a 4500
005 - DATE AND TIME OF LATEST TRANSACTION
control field 20241108113057.0
008 - FIXED-LENGTH DATA ELEMENTS--GENERAL INFORMATION
fixed length control field 241108b |||||||| |||| 00| 0 eng d
020 ## - INTERNATIONAL STANDARD BOOK NUMBER
International Standard Book Number 9780070169890
050 ## - LIBRARY OF CONGRESS CALL NUMBER
Classification number TS155
Item number ETT
100 ## - MAIN ENTRY--PERSONAL NAME
Personal name Ettkin, P. Lawrence
245 ## - TITLE STATEMENT
Title Production and operations management:
Remainder of title Manufacturing and services
250 ## - EDITION STATEMENT
Edition statement 5th
260 ## - PUBLICATION, DISTRIBUTION, ETC.
Place of publication, distribution, etc. New York
Name of publisher, distributor, etc. McGraw-Hill, Inc
Date of publication, distribution, etc. c1993
300 ## - PHYSICAL DESCRIPTION
Extent xxi,359p
Other physical details ill.;
700 ## - ADDED ENTRY--PERSONAL NAME
Personal name Dilworth, B. James
942 ## - ADDED ENTRY ELEMENTS (KOHA)
Source of classification or shelving scheme Library of Congress Classification
Koha item type Books
Suppress in OPAC No
999 ## -
-- 861
-- 861
Holdings
Withdrawn status Lost status Source of classification or shelving scheme Damaged status Not for loan Collection Home library Current library Shelving location Date acquired Total checkouts Full call number Barcode Date last seen Copy number Price effective from Koha item type
    Library of Congress Classification     Non-fiction Undergraduate Library (Christ Temple) Undergraduate Library (Christ Temple) General stacks 11/08/2024   TS155 ETT ulct00000208 11/08/2024 1 11/08/2024 Books
© 2023-2024 Copyright: Central University Libraries. All Rights Reserved | Created by: Mahone Tech Office